Los tiempos de Mari-Castaña / (Record no. 180006)

MARC details
000 -LEADER
campo de control de longitud fija 00791nam a22002171 4500
001 - NÚMERO DE CONTROL
campo de control 180006
003 - IDENTIFICADOR DE NÚMERO DE CONTROL
campo de control ES-MaACL
005 - FECHA Y HORA DE LA ÚLTIMA TRANSACCIÓN
campo de control 20250816063150.0
008 - DATOS DE LONGITUD FIJA--INFORMACIÓN GENERAL
campo de control de longitud fija 120316s1870 sp |||| | spa d
100 1# - ENTRADA PRINCIPAL--NOMBRE DE PERSONA
Nombre de persona Robert, Roberto,
Fechas asociadas al nombre 1827-1873
9 (RLIN) 97814
245 14 - MENCIÓN DEL TÍTULO
Título Los tiempos de Mari-Castaña /
Mención de responsabilidad, etc. por Roberto Robert.
260 ## - PUBLICACIÓN, DISTRIBUCIÓN, ETC.
Lugar de publicación, distribución, etc. Madrid :
Nombre del editor, distribuidor, etc. [s.n.],
Fecha de publicación, distribución, etc. 1870 (
Fabricante Imp. á cargo de J.E. Morete)
300 ## - DESCRIPCIÓN FÍSICA
Extensión XII, 350 p. ;
Dimensiones 21 cm.
490 1# - MENCIÓN DE SERIE
Mención de serie Galería popular
530 ## - NOTA DISPONIBLE DE FORMULARIO FÍSICO ADICIONAL
Nota de formato físico adicional disponible Disponible también en sitio web.
650 #4 - PUNTO DE ACCESO ADICIONAL DE MATERIA--TÉRMINO DE MATERIA
Término de materia o nombre geográfico como elemento de entrada Anticlericalismo.
9 (RLIN) 9851
830 0# - PUNTO DE ACCESO ADICIONAL DE SERIE-TÍTULO UNIFORME
Título uniforme Galería popular
9 (RLIN) 224581
852 ## - LOCALIZACIÓN
Ubicación ES-MaACL
Número de control de estantería Z-201
Encuadernación Olim: G-5915
Signatura antigua
Nota libre .- Legado M. de La Fuente
856 ## - LOCALIZACIÓN Y ACCESO ELECTRÓNICOS
Identificador Uniforme de Recursos <a href="http://cisne.sim.ucm.es/record=b2587127~S6*spi ">http://cisne.sim.ucm.es/record=b2587127~S6*spi </a>
Nota pública Ir a la página
Holdings
Estatus retirado Estado de pérdida Estado de daño No para préstamo Colección Biblioteca de origen Biblioteca actual Ubicación en estantería Fecha de adquisición Fuente de adquisición Total de préstamos Signatura topográfica completa Código de barras Visto por última vez Precio de reemplazo Tipo de ítem Koha
        Colección digital Biblioteca del Ateneo de Madrid Biblioteca del Ateneo de Madrid Depósito Z 16/03/2012     Z-201 1189121 23/02/2023 23/02/2023 Libro impreso antiguo